000 00343nam a2200133Ia 4500
005 20251222175922.0
008 251222s9999||||xx |||||||||||||| ||spa||
020 _a968-16-5133-2
082 _a340/P79
100 _aPosner, Richard A.
245 0 _aEl Análisis Económico del Derecho
264 _bFondo de Cultura Económica
942 _cLIB
999 _c40713
_d40713